000 00498nam a2200181Ia 4500
005 20250508160215.0
008 008 250505s9999 xx 000 0 eng d
037 _aTextual
040 _aFEDL
_beng
_cFEDL
041 _aeng
_2eng
084 _a970, IRV
_qFEDL
100 _aIrwin E J
_9768143
245 0 _aAmericanization program
260 _aWashington, USA
_bU.S. Government Printing Office
_c1923
300 _a60p.
942 _cTEXL
_h970, IRV
999 _c1362666
_d1362666